000
00354nam a2200133Ia 4500
008
100328s9999 xx 000 0 und d
082
_b
19119
100
_a
बनारसे वि.ब.
245
_a
कामिनी
260
_b
प.अ.कुलकर्णी
630
_a
कामिनी
730
_a
कामिनी
942
_c
BOOK
999
_c
513460
_d
513457